| 000 -LEADER |
| fixed length control field |
01199pab a2200169 454500 |
| 008 - FIXED-LENGTH DATA ELEMENTS--GENERAL INFORMATION |
| fixed length control field |
180718b2003 xxu||||| |||| 00| 0 eng d |
| 100 ## - MAIN ENTRY--PERSONAL NAME |
| Personal name |
Prakash, S. |
| 245 ## - TITLE STATEMENT |
| Title |
Water resources management - Issues and strategies |
| 260 ## - PUBLICATION, DISTRIBUTION, ETC. |
| Date of publication, distribution, etc. |
2003 |
| 300 ## - PHYSICAL DESCRIPTION |
| Extent |
p.468-474. |
| 362 ## - DATES OF PUBLICATION AND/OR SEQUENTIAL DESIGNATION |
| Dates of publication and/or sequential designation |
Jul-Sep |
| 520 ## - SUMMARY, ETC. |
| Summary, etc. |
India's finite and fragile water resources are stressed and depleting while sectoral demands are growing rapidly. Fragmentation of water management at the sectoral, national, regional and international levels with very little coordination amongst them has added another dimension to the issue. Deterioration of surface and groundwater quality due to inadequate pollution control and waste treatment along with rapid urbanisation, industrialisation and intensification of water usage has been causing pollution of rivers, lakes and wet lands. In the past, water has been developed rather than managed. The essence of all water resources management efforts should therefore be to satisfy the water needs of communities in terms of both quantity and quality. - Reproduced. |
| 650 ## - SUBJECT ADDED ENTRY--TOPICAL TERM |
| Topical term or geographic name entry element |
Water resources management |
| 773 ## - HOST ITEM ENTRY |
| Main entry heading |
Indian Journal of Public Administration |
| 908 ## - PUT COMMAND PARAMETER (RLIN) |
| Put command parameter |
N |
| 909 ## - |
| -- |
58590 |